Ľudia chcú hlavne istotu

Prieskum personálnej agentúry Grafton za rok 2020. Pandémia výrazne ovplyvnila zmeny oblasti v poskytovaní zamestnaneckých benefitov. Medzi hlavné znaky slovenského pracovného trhu sa začali počítať dlhodobé vzdelávanie, férový prístup, ohľaduplnosť a lojalita.

Guardado en:
Detalles Bibliográficos
Formato: Capítulo de libro
Lenguaje:eslovaco
Materias:
Etiquetas: Agregar Etiqueta
Sin Etiquetas, Sea el primero en etiquetar este registro!

MARC

LEADER 00000naa a2200000 4500
001 0273513
005 20210510085022.5
041 0 |a slo 
044 |a SK 
245 1 0 |a Ľudia chcú hlavne istotu 
520 |a Prieskum personálnej agentúry Grafton za rok 2020. Pandémia výrazne ovplyvnila zmeny oblasti v poskytovaní zamestnaneckých benefitov. Medzi hlavné znaky slovenského pracovného trhu sa začali počítať dlhodobé vzdelávanie, férový prístup, ohľaduplnosť a lojalita. 
610 2 0 |a pandémia 
610 2 0 |a zamestnanci 
610 2 0 |a zamestnávatelia 
610 2 0 |a benefity